| 000 | 00480nam a2200145Ia 4500 | ||
|---|---|---|---|
| 008 | 231129s2002||||xx |||||||||||||| ||spa|| | ||
| 020 | _a958-682-420-9 | ||
| 040 | _bspa | ||
| 082 | _aCo863 G216K | ||
| 100 | _aKline Carmenza | ||
| 245 | 0 | _aViolencia en Macondo: Tema recurrente en la obra de Gabriel García Márquez | |
| 260 | _c2002 | ||
| 264 | _aBogotá Colombia: Fundación General de la Universidad de Salamanca | ||
| 942 |
_2ddc _cBKS |
||
| 999 |
_c26336 _d26336 |
||